000 00275nam a2200121Ia 4500
008 190216s9999||||xx |||||||||||||| ||und||
100 _aDr.Sita Vastav
245 0 _aHindi-Lala Lajapat Rai
260 _bNeha Prakashan
_c2008
300 _a95
650 _aHindi
942 _cBK
999 _c16503
_d16503